Estadísticas para Geografía por Letra - F

Haz click aquí para tomar la prueba!

Estadísticas generales

  • Esta prueba ha sido tomada 3.468 veces
  • La puntuación promedio es 12 de 20

Estadísticas de respuestas

PistaRespuesta% Correcto
Estado de EE. UU. donde se encuentra MiamiFlorida
99%
Cuya capital es HelsinkiFinlandia
97%
Francia en FrancésFrance
92%
Moneda de SuizaFranco
91%
País insular en OceaníaFiyi
88%
La montaña más alta de JapónFuji
85%
Capital de la ToscanaFlorencia
82%
Capital financiera de AlemaniaFráncfort
82%
Entrada estrecha y profunda. Muchos se pueden encontrar en la costa de NoruegaFiordo
75%
Luzón es una isla de este paísFilipinas
63%
Región de bélgica que habla neerlandésFlandes
56%
Cadena de islas danesas entre Gran Bretaña e IslandiaFeroe
54%
San Andrés, por ejemploFalla
53%
Capital de Sierra LeonaFreetown
53%
Gran ciudad en MarruecosFez
48%
Gran ciudad en el noreste de BrasilFortaleza
40%
Vecino de DallasFort Worth
19%
Ciudad en Alaska centralFairbanks
18%
Ciudad en el norte de Arizona en la ruta 66Flagstaff
12%
Bahía canadiense con las mareas más altas del mundoFundy
10%

Distribución de puntuación

Porcentaje por número respondido

Porcentaje de gente con cada puntuación

Historial de tus puntuaciones

No has tomado esta prueba